MARC details
| 000 -LEADER |
| fixed length control field |
02633nam a2200349 a 4500 |
| 008 - FIXED-LENGTH DATA ELEMENTS--GENERAL INFORMATION |
| fixed length control field |
060316s1991 ||||||||||||||||| || u |
| 020 ## - INTERNATIONAL STANDARD BOOK NUMBER |
| International Standard Book Number |
0070609381 |
| 050 ## - LIBRARY OF CONGRESS CALL NUMBER |
| Classification number |
TD 345 Mac |
| 100 ## - MAIN ENTRY--PERSONAL NAME |
| Personal name |
McGhee, Terence J |
| 245 10 - TITLE STATEMENT |
| Title |
Water supply and sewerage . (6th ed.) |
| 250 ## - EDITION STATEMENT |
| Edition statement |
6th ed. |
| 260 ## - PUBLICATION, DISTRIBUTION, ETC. (IMPRINT) |
| Place of publication, distribution, etc |
New York : |
| Name of publisher, distributor, etc |
McGraw-Hill |
| Date of publication, distribution, etc |
1991 |
| 300 ## - PHYSICAL DESCRIPTION |
| Extent |
xvi, 602 p. : ill. |
| 350 ## - |
| -- |
0.00 |
| 490 ## - SERIES STATEMENT |
| Series statement |
McGraw-Hill series in water resources and environmental engineering |
| 650 ## - SUBJECT ADDED ENTRY--TOPICAL TERM |
| Topical term or geographic name as entry element |
SEWERAGE |
| 650 ## - SUBJECT ADDED ENTRY--TOPICAL TERM |
| Topical term or geographic name as entry element |
WATER - SUPPLY ENGINEERING |
| 700 ## - ADDED ENTRY--PERSONAL NAME |
| Personal name |
Steel, E. W. (Ernest William), 1893- |
| 995 ## - RECOMMENDATION 995 [LOCAL, UNIMARC FRANCE] |
| -- |
0.00 |
| -- |
CBU-SCHOOL TEXTBOOK COLLECTIONS |
| -- |
1 |
| -- |
0.00 |
| -- |
7 |
| -- |
AVAILABLE |
| -- |
Nov 11, 2008 |
| -- |
School Collections |
| 995 ## - RECOMMENDATION 995 [LOCAL, UNIMARC FRANCE] |
| -- |
0.00 |
| -- |
CBU-SCHOOL TEXTBOOK COLLECTIONS |
| -- |
1 |
| -- |
0.00 |
| -- |
9 |
| -- |
AVAILABLE |
| -- |
Nov 11, 2008 |
| -- |
School Collections |
| 995 ## - RECOMMENDATION 995 [LOCAL, UNIMARC FRANCE] |
| -- |
0.00 |
| -- |
CBU-MAIN LIBRARY (Kitwe) |
| -- |
1 |
| -- |
26.95 |
| -- |
DAMAGED |
| -- |
Main Library Open Access Collection |
| 995 ## - RECOMMENDATION 995 [LOCAL, UNIMARC FRANCE] |
| -- |
0.00 |
| -- |
CBU-SCHOOL TEXTBOOK COLLECTIONS |
| -- |
1 |
| -- |
0.00 |
| -- |
10 |
| -- |
AVAILABLE |
| -- |
Nov 11, 2008 |
| -- |
School Collections |
| 995 ## - RECOMMENDATION 995 [LOCAL, UNIMARC FRANCE] |
| -- |
0.00 |
| -- |
CBU-SCHOOL TEXTBOOK COLLECTIONS |
| -- |
1 |
| -- |
0.00 |
| -- |
13 |
| -- |
AVAILABLE |
| -- |
Nov 11, 2008 |
| -- |
School Collections |
| 995 ## - RECOMMENDATION 995 [LOCAL, UNIMARC FRANCE] |
| -- |
0.00 |
| -- |
CBU-MAIN LIBRARY (Kitwe) |
| -- |
2 |
| -- |
26.95 |
| -- |
AVAILABLE |
| -- |
Main Library Open Access Collection |
| 995 ## - RECOMMENDATION 995 [LOCAL, UNIMARC FRANCE] |
| -- |
0.00 |
| -- |
CBU-MAIN LIBRARY (Kitwe) |
| -- |
3 |
| -- |
26.95 |
| -- |
AVAILABLE |
| -- |
Main Library Open Access Collection |
| 995 ## - RECOMMENDATION 995 [LOCAL, UNIMARC FRANCE] |
| -- |
0.00 |
| -- |
CBU-SCHOOL TEXTBOOK COLLECTIONS |
| -- |
1 |
| -- |
0.00 |
| -- |
5 |
| -- |
AVAILABLE |
| -- |
Nov 11, 2008 |
| -- |
School Collections |
| 995 ## - RECOMMENDATION 995 [LOCAL, UNIMARC FRANCE] |
| -- |
0.00 |
| -- |
CBU-SCHOOL TEXTBOOK COLLECTIONS |
| -- |
1 |
| -- |
0.00 |
| -- |
4 |
| -- |
AVAILABLE |
| -- |
Nov 11, 2008 |
| -- |
School Collections |
| 995 ## - RECOMMENDATION 995 [LOCAL, UNIMARC FRANCE] |
| -- |
0.00 |
| -- |
CBU-SCHOOL TEXTBOOK COLLECTIONS |
| -- |
1 |
| -- |
0.00 |
| -- |
12 |
| -- |
AVAILABLE |
| -- |
Nov 11, 2008 |
| -- |
School Collections |
| 995 ## - RECOMMENDATION 995 [LOCAL, UNIMARC FRANCE] |
| -- |
0.00 |
| -- |
CBU-SCHOOL TEXTBOOK COLLECTIONS |
| -- |
1 |
| -- |
0.00 |
| -- |
11 |
| -- |
AVAILABLE |
| -- |
Nov 11, 2008 |
| -- |
School Collections |
| 995 ## - RECOMMENDATION 995 [LOCAL, UNIMARC FRANCE] |
| -- |
0.00 |
| -- |
CBU-SCHOOL TEXTBOOK COLLECTIONS |
| -- |
1 |
| -- |
0.00 |
| -- |
6 |
| -- |
AVAILABLE |
| -- |
Nov 11, 2008 |
| -- |
School Collections |
| 995 ## - RECOMMENDATION 995 [LOCAL, UNIMARC FRANCE] |
| -- |
0.00 |
| -- |
CBU-SCHOOL TEXTBOOK COLLECTIONS |
| -- |
1 |
| -- |
0.00 |
| -- |
8 |
| -- |
AVAILABLE |
| -- |
Nov 11, 2008 |
| -- |
School Collections |